Les dictateurs au XXe siècle 2 - Statistiques

Statistiques générales
  • Ce quiz a été pris 78 fois
  • Le résultat moyen est 15 sur 49
Statistiques - réponses
Question Réponse % Correct
Ali Khamenei a dirigé ce pays de 1981 à 1989 Iran
88%
Ce président a été réélu trois fois au Burkina Faso entre 1998 et 2010, il se nomme Blaise Compaoré
75%
Houari Boumédiène succède en 1965 à Ahmed Ben Bella... en Algérie
75%
Le prénom de Pinochet, président du Chili de 1974 à 1990 était Augusto
63%
Père de Bachar, président de la Syrie de 1971 à 2000, il se prénommait Hafez
63%
Ho Chi Minh, président du Vietnam de 1945 à 1969 est né sous le nom de... Nguyen Sinh Cung
63%
Quel est le prénom du Castro qui prend le pouvoir au Venezuela en 1899, pouvoir qu'il conservera jusqu'en 1908 Cipriano
50%
Ruben Fulgencio Batista y Zaldivar a dirigé de 1952 à 1959 Cuba
50%
Idi Amin Dada a dirigé son pays de 1971 à 1979 l'Ouganda
50%
Dans quel pays Abdelaziz Bouteflika a-t-il occupé le poste suprême à partir de 1999 ? Algérie
38%
Félix Houphouët-Boigny a été président de 1960 à 1990 mais dans quel pays ? Côte d'ivoire
38%
Le président du Kenya de 1978 à 2002 était Daniel Arap Moi
38%
Qui a été président du Congo de 1979 à 1992 et l'est de nouveau depuis 1997 ? Denis Sassou-Nguesso
38%
Sous son régime, son pays s'isole du reste du monde même s'il se proclame staliniste et athée Enver Hodja
38%
Le prénom du président tchadien Déby était Idriss
38%
L'épouse de Ferdinand Marcos, président des Philippines de 1965 à 1986 se prénommait Imelda
38%
Qui est resté le plus longtemps au pouvoir ? Josip Tito en Yougoslavie
38%
Englebert Dollfuss a dirigé de 1932 à 1932 l'Autriche
38%
Le président haïtien François Duvalier était surnommé Papa Doc
38%
Gnassingbé Eyadema a été président de la République de ce pays pendant 36 ans Togo
38%
Alberto Fujimori a dirigé le Pérou de 1990 à 2000
25%
Ian Smith a été chef de l'Etat de 1964 à 1979 au Zimbabwe
25%
Gustave Rojas Pinilla est le seul dictateur de ce pays au XXe siècle, quel pays ? Colombie
25%
Higinio Morinigo Martinez a été le 35e président du Paraguay mais quand ? De 1940 à 1948
25%
Fidel Casto, dirigeant de Cuba, était surnommé El lider maximo
25%
Francisco Macias Nguema a été dictateur de 1968 à 1979 en Guinée équatoriale
25%
Pendant la présidence d'Efrain Rios Montt au Guatemala, on estime que la guerre cile a fait entre 150000 et 200000 morts
25%
Ioannis Metaxas a dirigé la Grèce sous le règne de Georges II
25%
Il a été le premier président de la République du Malawi, c'est... Hastings Kamuzu Banda
25%
Il a été élu président de la République égyptienne suite à l'assassinat de son prédécesseur Hosni Moubarak
25%
La plupart des dictateurs portent la moustache, qu'en est-il de Charles Taylor au Liberia ? il est barbu
25%
Ante Pavelic a dirigé la Croatie de1941 à 1945, il avait fondé... Les Oustachis
25%
Antanos Smetona a été président autoritaire de ce pays de 1926 à 1940 Lituanie
25%
Gaafar Nimeiry a été président du Soudan de 1971 à 1985
13%
Carlos Castillo Armas a exercé le pouvoir au Guatemala
13%
Dictateur de 1971 à 1978, il est élu comme président constitutionnel de 1997 à 2001, Hugo Banzer Suarez était Bolivien
13%
Qui est arrivé au pouvoir par un coup d'Etat en 1980 en Corée-du-Sud ? Chun Doo-hwan
13%
Avant d'être président du Guatemala de 1978 à 1982, Fernando Romeo Lucas Garcia a été ministre mais de quoi ? Défense
13%
Quand est assassiné Anouar el-Sadate, président autoritaire d'Egypte ? en 1981
13%
Ion Antonescu, dirigeant roumain est mort en 1946 fusillé
13%
Ahmed Sékou Touré a été chef de l'état de 1958 à 1984 dans ce pays... Guinée
13%
Il a dirigé son pays de 1929 à 1952 et était surnommé le Staline mongol Horloogiyn Choybalsan
13%
Ershad, président du Pakistan de 1983 à 1990 se nommait Hussein Mohammed
13%
Georgios Papadopoulos état, avant de devenir chef de l'Etat grec de en 1973... Officier
13%
Qui n'a pas dirigé une dictature au Nicaragua ? Roberto Sacasa Sarria
13%
Adolf Hilter a occupé le pouvoir en Allemagne pendant 10 ans 8 mois et 28 jours
0%
Hissène Habré a été président de la République du Tchad de 1982 à 1990
0%
France-Albert René a dirigé son pays de 1977 à 2004, de quel pays s'agit-il ? des Seychelles
0%
François Tombalbaye a été président de 1960 à 1975 du Tchad
0%
Aucun quiz correspondant
Distribution des résultats
% des personnes avec chaque résultat
Percentile par nombre de réponses
Votre historique - résultats
Vous n’avez pas pris ce quiz